Air pollution hazards : a study of indoor air quality, its impact and management challenges in Kg Kerinchi, Klang Valley /
Saved in:
| Main Author: | |
|---|---|
| Format: | Thesis Book |
| Language: | English |
| Published: |
2008.
|
| Subjects: | |
| Tags: |
Add Tag
No Tags, Be the first to tag this record!
|
| LEADER | 01059cam a2200265 a 4500 | ||
|---|---|---|---|
| 001 | u848376 | ||
| 003 | SIRSI | ||
| 005 | 201112291134 | ||
| 008 | 111229s2008 my a t 000 0 eng m | ||
| 040 | |a UMM | ||
| 043 | |a a-my-wp | ||
| 090 | |a GE7 |b UM 2008 Lee | ||
| 100 | 1 | |a Lee, Shiau Mei. | |
| 245 | 1 | 0 | |a Air pollution hazards : |b a study of indoor air quality, its impact and management challenges in Kg Kerinchi, Klang Valley / |c Lee Shiau Mei. |
| 260 | |c 2008. | ||
| 300 | |a [1] xi, 119 [4] leaves : |b ill. ; |c 30 cm. | ||
| 502 | |a Dissertation (M.Tech. (Envir. Mgmt.)) -- Institut Pengajian Siswazah, Universiti Malaya, 2008. | ||
| 504 | |a Bibliography: leaves 104-119. | ||
| 650 | 0 | |a Air |x Pollution |z Kuala Lumpur (W.P.). | |
| 650 | 0 | |a Indoor air pollution |z Kuala Lumpur (W.P.). | |
| 650 | 0 | |a Air quality management |z Kuala Lumpur (W.P.). | |
| 710 | 2 | |a Universiti Malaya. |b Institut Pengajian Siswazah | |
| 900 | |a NHS-ZA | ||
| 596 | |a 1 | ||
| 999 | |a GE7 UM 2008 LEE |w LC |c 1 |i A513445695 |d 31/3/2014 |e 31/3/2014 |f 27/11/2012 |g 1 |l STACKS |m P01UTAMA |n 4 |r Y |s Y |t TESIS |u 27/11/2012 | ||
